| 000 | 00724nam a22002057a 4500 | ||
|---|---|---|---|
| 999 |
_c183680 _d183680 |
||
| 005 | 20220204122938.0 | ||
| 010 | _aENG-130828 | ||
| 020 |
_a978-93-89949-99-5 _c845.00 |
||
| 035 | _aEN-114360 | ||
| 037 | _bDBAD | ||
| 082 | _a338.5024658 | ||
| 100 | _aThomas, Christopher R. | ||
| 245 |
_aManagerial Economics: _bFoundatioms of Business Analysis and Strategy/ _cChristopher R. Thomas, S. Charles Maurice |
||
| 250 | _a12th Edition | ||
| 260 |
_aChennai _bMcGraw Hill Education Private Limited _c2017 |
||
| 270 |
_a444/1, Sri Ekambara Naicker Industrial Estate, Alapakkam, Porur _bChennai _e600116 |
||
| 300 |
_a704p _c27cm(pbk) |
||
| 700 | _aMaurice, S. Charles | ||
| 942 |
_2ddc _cEN _h338.5024658 _mTHO |
||